Focus (Record no. 77531)

MARC details
000 -LEADER
fixed length control field 00940cab a2200265 4500
001 - CONTROL NUMBER
control field ##L134463
008 - FIXED-LENGTH DATA ELEMENTS--GENERAL INFORMATION
fixed length control field 060808n2006 000 0 eng u
035 ## - SYSTEM CONTROL NUMBER
System control number (Sirsi) u134463
041 0# - LANGUAGE CODE
Language code of text/sound track or separate title eng
100 1# - MAIN ENTRY--PERSONAL NAME
Personal name Meadwell, Stacey
245 00 - TITLE STATEMENT
Title Focus
Remainder of title Highlands and central Scotland
260 ## - PUBLICATION, DISTRIBUTION, ETC.
Date of publication, distribution, etc. 2006
490 #0 - SERIES STATEMENT
Series statement Estates Gazette
Volume/sequential designation (0631) 5 August 2006, 71-81(8)
520 ## - SUMMARY, ETC.
Summary, etc. Looks at large-scale plans for regeneration of Falkirk being submitted this month, which incorporate a number of neighbouring towns; the pressure on Stirling council for more retail and business space; and development plans for Fort William's waterfront.
590 ## - LOCAL NOTE (RLIN)
Local note IKA220806
651 #4 - SUBJECT ADDED ENTRY--GEOGRAPHIC NAME
Geographic name HIGHLANDS
651 #4 - SUBJECT ADDED ENTRY--GEOGRAPHIC NAME
Geographic name CENTRAL SCOTLAND
651 #4 - SUBJECT ADDED ENTRY--GEOGRAPHIC NAME
Geographic name FALKIRK
651 #4 - SUBJECT ADDED ENTRY--GEOGRAPHIC NAME
Geographic name STIRLING
651 #4 - SUBJECT ADDED ENTRY--GEOGRAPHIC NAME
Geographic name FORT WILLIAM
690 ## - LOCAL SUBJECT ADDED ENTRY--TOPICAL TERM (OCLC, RLIN)
Topical term or geographic name as entry element PROPERTY-COMMERCIAL PROPERTY-COMMERCIAL PROPERTY MARKET
700 1# - ADDED ENTRY--PERSONAL NAME
Personal name Baker, Colin
700 1# - ADDED ENTRY--PERSONAL NAME
Personal name Morrison, Adrian
942 ## - ADDED ENTRY ELEMENTS (KOHA)
Suppress in OPAC 0
Holdings
Withdrawn status Lost status Source of classification or shelving scheme Damaged status Not for loan Home library Current library Shelving location Date acquired Total Checkouts Full call number Barcode Date last seen Copy number Price effective from Koha item type
    Dewey Decimal Classification     London London Journal article 08/08/2006   L134463 134463-1001 06/08/2019 1 06/08/2019 Journal article